[Event "Titled Tue 24th Jun Late"]
[Site "chess.com INT"]
[Date "2025.06.24"]
[Round "8"]
[White "Vasquez Schroeder, Rodrigo"]
[Black "Khoo-Thwe, Louis"]
[Result "1-0"]
[WhiteTitle "GM"]
[BlackTitle "CM"]
[WhiteElo "2446"]
[BlackElo "2214"]
[WhiteFideId "3400042"]
[BlackFideId "1538756"]
[EventDate "2025.06.24"]

1. e4 e5 2. Nf3 Nc6 3. Bb5 a6 4. Ba4 Nf6 5. O-O Be7 6. Re1 b5 7. Bb3 d6 8. c3
O-O 9. h3 Na5 10. Bc2 c5 11. d4 Qc7 12. Nbd2 cxd4 13. cxd4 Rd8 14. d5 Nb7 15.
Nf1 Bd7 16. Be3 Rdc8 17. Re2 Bf8 18. Ng3 Nc5 19. Rc1 Qd8 20. Bb1 Na4 21. Rec2
Rxc2 22. Rxc2 Rc8 23. Qc1 Rxc2 24. Qxc2 Qc8 25. Qd2 Qc7 26. Bd3 Nc5 27. Bc2 a5
28. a3 Nb7 29. b4 axb4 30. axb4 Qc4 31. Bd3 Qb3 32. Ne2 Ne8 33. Nc1 Qa3 34. Ne1
Nc7 35. Nc2 Qb2 36. Bf1 f5 37. Nd3 Qb1 38. f3 g6 39. Qc1 Qxc1 40. Nxc1 Ne8 41.
Na3 fxe4 42. fxe4 Nf6 43. Bd3 Be7 44. Ne2 Kf7 45. Nc3 Ke8 46. Bxb5 Bxb5 47.
Naxb5 Kd7 48. g4 Bd8 49. Kf2 h5 50. g5 Ng8 51. h4 Ne7 52. Na4 Nc8 53. Ke2 Ke7
54. Kd3 Kd7 55. Kc4 Ke7 56. Na3 Kd7 57. Kb5 Bc7 58. Ka6 Nd8 59. b5 Bb8 60. b6
Ne7 61. Nc4 Kc8 62. Na5 Kd7 63. Nc3 Ng8 64. Nb5 Ne7 65. Na7 Ng8 66. N7c6 Kc8 67.
Nxd8 Kxd8 68. Kb7 1-0

[Event "Titled Tue 24th Jun Late"]
[Site "chess.com INT"]
[Date "2025.06.24"]
[Round "8"]
[White "Cieslak, Patryk"]
[Black "Palczert, Matyas"]
[Result "1/2-1/2"]
[WhiteTitle "FM"]
[BlackTitle "FM"]
[WhiteElo "2442"]
[BlackElo "2396"]
[WhiteFideId "21078882"]
[BlackFideId "784958"]
[EventDate "2025.06.24"]

1. Nf3 Nf6 2. d4 g6 3. Nbd2 d5 4. e3 Bg7 5. b4 O-O 6. Be2 a5 7. b5 c5 8. bxc6
Nxc6 9. O-O Bf5 10. c4 dxc4 11. Nxc4 Rc8 12. Bb2 Nd5 13. Rc1 h6 14. Ncd2 Nf6 15.
a3 Qb6 16. Nc4 Qa7 17. Qb3 Rfd8 18. Qb6 Qa8 19. Ba1 Nd5 20. Qb3 Be6 21. Qb1 Rb8
22. Nb6 Qa7 23. Nxd5 Bxd5 24. Rfd1 b5 25. Rc5 b4 26. a4 b3 27. Bc3 Nb4 28. e4
Be6 29. Rb5 Na2 30. Bb2 Rbc8 31. d5 Bxb2 32. Qxb2 Nc3 33. Rxb3 Nxd1 34. Bxd1 Rb8
35. Rxb8 Rxb8 36. Qd2 Bd7 37. h4 Qc5 38. Qxh6 Rb1 39. Ng5 Rxd1+ 40. Kh2 Rh1+ 41.
Kxh1 Qc1+ 42. Kh2 Qf4+ 43. Kg1 Qc1+ 44. Kh2 Qf4+ 45. Kh1 Qc1+ 46. Kh2 1/2-1/2

[Event "Titled Tue 24th Jun Late"]
[Site "chess.com INT"]
[Date "2025.06.24"]
[Round "8"]
[White "Van der Werf, Mark"]
[Black "Cernov, Henrik"]
[Result "0-1"]
[WhiteTitle "IM"]
[BlackTitle "FM"]
[WhiteElo "2390"]
[BlackElo "2325"]
[WhiteFideId "1000470"]
[BlackFideId "16258312"]
[EventDate "2025.06.24"]

1. Nf3 Nf6 2. c4 Nc6 3. g3 e5 4. Nc3 Nd4 5. Bg2 Nxf3+ 6. Bxf3 c6 7. d4 exd4 8.
Qxd4 Be7 9. O-O O-O 10. Rd1 Qa5 11. Bd2 Qf5 12. Bf4 Bc5 13. Qd2 h5 14. e4 Qe6
15. e5 Ng4 16. Ne4 Nxe5 17. Bg2 Be7 18. Qc3 Ng6 19. Bg5 Bxg5 20. Nxg5 Qf5 21.
Nf3 d5 22. cxd5 cxd5 23. Nd4 Qf6 24. Nb5 Qxc3 25. Nxc3 Be6 26. Nxd5 Rac8 27. Be4
f5 28. Bf3 Rcd8 29. Bxh5 Bxd5 30. Bxg6 Rf6 31. Bh5 Rfd6 32. Be2 Bf7 33. Rxd6
Rxd6 34. b3 Rd2 35. Bf3 b5 36. Rc1 Rxa2 37. Rc5 a6 38. Rxf5 Bxb3 39. Rc5 Bc4 40.
Bh5 Kh7 41. Kg2 a5 42. Be8 Rb2 43. h4 Kg8 44. Bg6 Kf8 45. Re5 Re2 46. Rc5 Ke7
47. Rc7+ Kf6 48. h5 Re7 49. Rc6+ Re6 50. Rc7 Re7 51. Rc6+ Ke5 52. f4+ Kd4 53. g4
Bd5+ 0-1

[Event "Titled Tue 24th Jun Late"]
[Site "chess.com INT"]
[Date "2025.06.24"]
[Round "8"]
[White "Raptis, Nick"]
[Black "Maksimovic, Bojan"]
[Result "0-1"]
[WhiteTitle "FM"]
[BlackTitle "IM"]
[WhiteElo "2220"]
[BlackElo "2514"]
[WhiteFideId "2016850"]
[BlackFideId "14408120"]
[EventDate "2025.06.24"]

1. d4 c5 2. Nc3 cxd4 3. Qxd4 Nc6 4. Qh4 e6 5. Qxd8+ Kxd8 6. e4 Nf6 7. Bd3 b6 8.
Nge2 Nb4 9. Bf4 Nxd3+ 10. cxd3 Ba6 11. Kd2 Be7 12. Rac1 d6 13. h3 Kd7 14. Be3
Rhc8 15. f4 Ne8 16. g4 Nc7 17. g5 Nb5 18. h4 Nxc3 19. Rxc3 Rxc3 20. bxc3 Bb7 21.
Rb1 Bc6 22. Nd4 Bb7 23. Ne2 Bd8 24. Bd4 g6 25. h5 d5 26. hxg6 hxg6 27. Ke3 dxe4
28. dxe4 Ba6 29. Rh1 Bxe2 30. Kxe2 Bc7 31. Rh7 Rf8 32. Bg7 Rg8 33. Bd4 Ke8 34.
Kf3 e5 35. fxe5 Ke7 36. Kf4 Ke6 37. Rh1 Bd8 38. Kg4 Be7 39. a4 Rc8 40. a5 bxa5
41. Ra1 Bd8 42. Kf4 Rb8 43. Ra4 Rc8 44. Ra2 Bb6 45. Rb2 Rc6 46. Rb5 Kd7 47. Ke3
Rxc3+ 48. Kf4 Rc6 49. Rd5+ Ke6 50. Ke3 a4 0-1

[Event "Titled Tue 24th Jun Late"]
[Site "chess.com INT"]
[Date "2025.06.24"]
[Round "8"]
[White "Zepeda Berlanga, Jan Enrique"]
[Black "Da Silva, Lucas Pereira Mendes"]
[Result "0-1"]
[WhiteTitle "CM"]
[WhiteElo "1984"]
[BlackElo "2122"]
[WhiteFideId "5132355"]
[BlackFideId "22718613"]
[EventDate "2025.06.24"]

1. e4 e6 2. d4 d5 3. Nc3 Nf6 4. e5 Nfd7 5. f4 c5 6. Be3 Nc6 7. Nf3 a6 8. Be2 b5
9. a3 Qb6 10. O-O cxd4 11. Bf2 f6 12. exf6 Nxf6 13. b4 Bd6 14. Nxd4 Nxd4 15.
Bxd4 Qc7 16. Bh5+ Kd8 17. a4 Bxb4 18. Bxf6+ gxf6 19. Nxd5 Bc5+ 20. Kh1 Bb7 21.
Nb6+ Ke7 22. Nxa8 Rxa8 23. axb5 Rd8 24. Qe2 axb5 25. Bg4 Bd5 26. Qxb5 Rb8 27.
Qd3 Kf8 28. Qc3 Qe7 29. Rad1 Bb4 30. Qh3 f5 31. Qh6+ Qg7 32. Qxg7+ Kxg7 33. Bf3
Bc4 34. Rf2 Bc5 35. Rfd2 Kf6 36. Rd7 Rb2 37. Rc7 Rb5 38. h3 Ba2 39. Rdd7 e5 40.
Rxh7 exf4 41. Kh2 Bf2 42. Rc6+ Ke5 43. Re7+ Kd4 44. Rd6+ Kc3 45. Rc7+ Bc4 46.
Rd1 Bc5 47. g3 Rb2 48. gxf4 Rxc2+ 49. Kg3 Bf2+ 50. Kg2 Bb6+ 51. Kg3 Bxc7 0-1

[Event "Titled Tue 24th Jun Late"]
[Site "chess.com INT"]
[Date "2025.06.24"]
[Round "8"]
[White "Kukhmazov, Arsen"]
[Black "Golis, Wiktor"]
[Result "0-1"]
[WhiteTitle "IM"]
[BlackTitle "FM"]
[WhiteElo "2442"]
[BlackElo "2307"]
[WhiteFideId "24108260"]
[BlackFideId "21055874"]
[EventDate "2025.06.24"]

1. e4 c6 2. Nf3 d5 3. d3 g6 4. e5 f6 5. d4 Bg7 6. exf6 exf6 7. Bd3 Nh6 8. O-O
O-O 9. Re1 Nf7 10. Bf4 a5 11. h3 Na6 12. a3 Nc7 13. Bh2 Nd6 14. Nbd2 Be6 15. a4
Qd7 16. c3 Rae8 17. Qb3 Na8 18. Re2 Ne4 19. Rae1 f5 20. Ne5 Qc8 21. Ndf3 g5 22.
Nd2 Nc7 23. Qb6 Nxd2 24. Rxd2 f4 25. Qxa5 Na8 26. Rde2 Bxh3 27. gxh3 Qxh3 28. f3
g4 29. Nxg4 Rxe2 30. Rxe2 Qxf3 31. Nf2 Kh8 32. Kf1 Bf6 33. Bg1 Rg8 34. Qa7 Qg2+
35. Ke1 Qxg1+ 36. Kd2 f3 37. Nh3 Bg5+ 38. Kc2 fxe2 39. Nxg1 e1=Q 40. Nf3 Qf2+
41. Kb3 Qxf3 42. Bc2 Qf7 43. a5 Qc7 44. Ka3 Bd8 45. b4 Rg2 46. Bb3 b6 47. Qxa8
bxa5 48. b5 cxb5 49. Qxd5 Be7+ 0-1

[Event "Titled Tue 24th Jun Late"]
[Site "chess.com INT"]
[Date "2025.06.24"]
[Round "8"]
[White "Lortkipanidze, Nodar"]
[Black "Klukin, Kirill"]
[Result "1-0"]
[WhiteTitle "IM"]
[BlackTitle "IM"]
[WhiteElo "2359"]
[BlackElo "2401"]
[WhiteFideId "13604058"]
[BlackFideId "24199273"]
[EventDate "2025.06.24"]

1. e4 c5 2. c3 g6 3. d4 cxd4 4. cxd4 d5 5. exd5 Bg7 6. Nc3 Nf6 7. Bc4 O-O 8.
Nge2 Nbd7 9. Nf4 Nb6 10. Bb3 Bf5 11. O-O Rc8 12. Re1 a6 13. h3 Re8 14. g4 Bd7
15. g5 Nh5 16. Nxh5 gxh5 17. Qxh5 Bf5 18. Bf4 Qd7 19. Kh2 Bxd4 20. Rad1 Bxc3 21.
bxc3 Rxc3 22. Re3 Rxe3 23. Bxe3 Qd6+ 24. Kg1 Nd7 25. Qf3 Qg6 26. h4 h5 27. Qf4
Rc8 28. Bd4 Kh7 29. Re1 Re8 30. a4 f6 31. a5 fxg5 32. hxg5 e5 33. dxe6 Bxe6 34.
Bd1 Rg8 35. Rxe6 Qxe6 36. Bc2+ Rg6 37. Bf5 Qe7 38. Kh2 Nf8 39. Bf6 Qf7 40. Qe4
Kg8 41. Bxg6 Nxg6 42. f4 Qa2+ 43. Kg3 Qb3+ 44. Qf3 Qe6 45. f5 Qd6+ 46. Kh3 Nf4+
47. Kh4 Kf7 48. Bb2 Qb4 49. g6+ Nxg6+ 50. Kg5 Qe7+ 51. f6 Qc5+ 52. Kh6 Qc6 53.
Qb3+ Qe6 54. Qxe6+ Kxe6 55. Kxg6 h4 56. f7 1-0

[Event "Titled Tue 24th Jun Late"]
[Site "chess.com INT"]
[Date "2025.06.24"]
[Round "8"]
[White "Rustemov, Alexander"]
[Black "Wagner, Dennis"]
[Result "1-0"]
[WhiteTitle "GM"]
[BlackTitle "GM"]
[WhiteElo "2525"]
[BlackElo "2619"]
[WhiteFideId "4119002"]
[BlackFideId "24650684"]
[EventDate "2025.06.24"]

1. d4 e6 2. c4 d5 3. Nf3 a6 4. cxd5 exd5 5. Nc3 Nf6 6. Bf4 Bd6 7. Bxd6 Qxd6 8.
e3 O-O 9. Qc2 g6 10. Bd3 Nc6 11. a3 Ne7 12. O-O Bf5 13. Rfc1 Bxd3 14. Qxd3 c6
15. Na4 Nf5 16. Nc5 Qe7 17. Ne5 Nd6 18. b4 Nfe4 19. a4 f6 20. Nf3 g5 21. Nd2
Nxd2 22. Qxd2 Rae8 23. Re1 Qf7 24. Qd3 Re7 25. Re2 Rfe8 26. Rae1 Kg7 27. f3 Qg6
28. Qxg6+ Kxg6 29. Kf2 f5 30. a5 Nc4 31. h4 gxh4 32. Nd3 Kg5 33. Ne5 Nxe5 34.
f4+ Kg4 35. dxe5 b6 36. Rc1 Re6 37. Rec2 bxa5 38. bxa5 Rc8 39. Rc5 d4 40. exd4
Kxf4 41. R1c4 Kg5 42. Kf3 Rd8 43. Ke3 Rc8 44. Kf3 h6 45. d5 Rxe5 46. dxc6 Rxc5
47. Rxc5 Rc7 48. Rc4 Kf6 49. Kf4 Ke6 50. Rc1 Kd5 51. Kxf5 Rxc6 52. Rh1 Rc2 53.
Rh2 1-0

[Event "Titled Tue 24th Jun Late"]
[Site "chess.com INT"]
[Date "2025.06.24"]
[Round "8"]
[White "Damaraju, Ashwin"]
[Black "Klepek, Witold"]
[Result "0-1"]
[BlackTitle "CM"]
[WhiteElo "2084"]
[BlackElo "2253"]
[WhiteFideId "39908348"]
[BlackFideId "1175068"]
[EventDate "2025.06.24"]

1. e4 e6 2. d4 d5 3. Bd3 c5 4. exd5 exd5 5. c3 Nc6 6. Nf3 cxd4 7. cxd4 Bd6 8.
O-O Nge7 9. Nc3 O-O 10. Re1 Bf5 11. Bg5 Bxd3 12. Bxe7 Nxe7 13. Qxd3 Ng6 14. g3
Bb4 15. Re2 Rc8 16. Nd1 Qb6 17. Ne3 Rfd8 18. a3 Bf8 19. Rae1 Ne7 20. Nh4 Nc6 21.
Rd1 g6 22. Nhg2 Bg7 23. Nf4 Nxd4 24. Nexd5 Nxe2+ 25. Qxe2 Qxb2 26. Ne7+ Kf8 27.
Nxc8 Rxc8 28. Qf3 Rc1 29. Kg2 Rxd1 30. Qxd1 Bd4 31. Qf3 Kg7 32. h4 h5 33. Nd3
Qxa3 34. Qe4 Bf6 35. Nf4 Qa6 36. Kg1 Qc6 37. Nd5 a5 38. g4 hxg4 39. h5 a4 40.
hxg6 fxg6 41. Nxf6 Qxf6 42. Qxa4 Qe6 43. Qd4+ Kh7 44. Qf4 b5 45. Qb8 Qf5 46.
Qc7+ Kh6 47. Qh2+ Kg5 48. Qb8 Qb1+ 49. Kh2 Qf5 50. Kg1 Qd5 51. Qc7 Kf5 52. Qc2+
Kf6 53. Qc3+ Qe5 54. Qc7 Qxc7 55. f4 b4 56. Kh2 b3 57. Kg3 b2 58. Kh4 b1=Q 59.
f5 gxf5 60. Kh5 Qh2# 0-1

[Event "Titled Tue 24th Jun Late"]
[Site "chess.com INT"]
[Date "2025.06.24"]
[Round "8"]
[White "Dyachuk, Artem"]
[Black "Pakleza, Zbigniew"]
[Result "0-1"]
[WhiteTitle "FM"]
[BlackTitle "GM"]
[WhiteElo "2374"]
[BlackElo "2484"]
[WhiteFideId "34107924"]
[BlackFideId "1119290"]
[EventDate "2025.06.24"]

1. d4 d6 2. e4 Nf6 3. Nc3 c6 4. Nf3 Bg4 5. Be2 e6 6. O-O d5 7. exd5 cxd5 8. Ne5
Bxe2 9. Nxe2 Bd6 10. c3 O-O 11. Bg5 h6 12. Bh4 Be7 13. Qb3 Qb6 14. Qxb6 axb6 15.
a4 Nc6 16. Bxf6 gxf6 17. Nf3 Na5 18. Nc1 Nc4 19. Nd3 Bd6 20. b3 Na5 21. Nd2 Rfc8
22. Rac1 f5 23. f4 Nc6 24. Kf2 Ba3 25. Rb1 Bf8 26. Ke3 Rc7 27. Rf3 Na7 28. Rc1
b5 29. axb5 Nxb5 30. c4 dxc4 31. bxc4 Nd6 32. c5 Ne8 33. Nc4 Nf6 34. Nb6 Ra2 35.
Rg3+ Ng4+ 36. Kf3 Bg7 37. h3 Nf6 38. Ke3 Kh7 39. Nb4 Ra3+ 40. Nd3 Ne4 41. Rf3
Rc6 42. g4 Nf6 43. gxf5 exf5 44. d5 Rxb6 45. cxb6 Nxd5+ 46. Kf2 Bd4+ 47. Kg3 Nf6
48. Ne5 Ne4+ 49. Kg2 Ra2+ 50. Kh1 Nf2+ 51. Rxf2 Rxf2 52. Nxf7 Bxb6 53. Rb1 Be3
54. Ne5 Rxf4 0-1

[Event "Titled Tue 24th Jun Late"]
[Site "chess.com INT"]
[Date "2025.06.24"]
[Round "8"]
[White "Kucza, Karol"]
[Black "Reprintsev, Alexander"]
[Result "0-1"]
[WhiteTitle "FM"]
[BlackTitle "IM"]
[WhiteElo "2316"]
[BlackElo "2256"]
[WhiteFideId "1159755"]
[BlackFideId "14100541"]
[EventDate "2025.06.24"]

1. e4 e5 2. Nf3 Nc6 3. Bb5 a6 4. Ba4 Bc5 5. c3 Nge7 6. O-O Ng6 7. d4 Ba7 8. d5
Nce7 9. d6 cxd6 10. c4 b5 11. cxb5 Rb8 12. Nc3 O-O 13. Qxd6 axb5 14. Bxb5 Rb6
15. Qd3 d5 16. exd5 Bf5 17. Qd1 Nxd5 18. Qxd5 Qxd5 19. Nxd5 Rxb5 20. Nc3 Rb7 21.
b3 e4 22. Ng5 Rc8 23. Ngxe4 Bd4 24. Bd2 Bxe4 25. Nxe4 Bxa1 26. Rxa1 Rc2 27. Be3
Ne5 28. h3 f5 29. Nd6 Rb8 30. Nxf5 Ra8 31. a4 Rb2 32. Nd4 Nd3 33. a5 Nc5 34. Ra3
Rb1+ 35. Kh2 Rb8 36. a6 Ra8 37. a7 h6 38. Nb5 Ne6 39. Bb6 Kh7 40. g3 g5 41. Kg2
h5 42. Nc7 Nxc7 43. Bxc7 Kg6 44. Bd6 Kf5 45. b4 g4 46. Bc5 Rb2 47. Ra6 h4 48.
hxg4+ Kxg4 49. gxh4 Kxh4 50. Rg6 Kh5 51. Rg7 Ra2 0-1

[Event "Titled Tue 24th Jun Late"]
[Site "chess.com INT"]
[Date "2025.06.24"]
[Round "8"]
[White "Makridis, Dimitrios"]
[Black "Chigaev, Maksim"]
[Result "0-1"]
[WhiteTitle "FM"]
[BlackTitle "GM"]
[WhiteElo "2283"]
[BlackElo "2635"]
[WhiteFideId "25864475"]
[BlackFideId "4108116"]
[EventDate "2025.06.24"]

1. b3 g6 2. Bb2 Nf6 3. Nf3 c5 4. e3 Bg7 5. Be2 O-O 6. O-O b6 7. d4 Bb7 8. c4
cxd4 9. Nxd4 d6 10. Nc3 a6 11. Bf3 Qc8 12. Rc1 Nbd7 13. Nd5 Re8 14. Qd2 e6 15.
Nxf6+ Nxf6 16. Rfd1 Qc7 17. Qe2 Rad8 18. Bxb7 Qxb7 19. Qf3 Qxf3 20. gxf3 Rc8 21.
Rc2 Red8 22. Rdc1 Kf8 23. a4 d5 24. Ba3+ Ke8 25. c5 bxc5 26. Rxc5 Rxc5 27. Bxc5
Rc8 28. b4 Nd7 29. Nb3 Bb2 30. Rb1 Ba3 31. Bd6 Rc6 32. Bg3 Bxb4 33. Nd4 Rc4 34.
h4 h5 35. a5 Bxa5 36. Ra1 Bc3 37. Rxa6 Bxd4 38. exd4 Kd8 39. Bd6 Kc8 40. Ra8+
Kb7 41. Re8 Rxd4 42. Re7 Kc6 43. Bg3 Rd1+ 44. Kg2 d4 45. Rxf7 d3 46. Re7 Re1 47.
Bf4 e5 48. Bg5 Nc5 49. Rg7 Ne6 50. Rxg6 Kd5 51. Bh6 Rd1 52. Rg8 d2 53. Bxd2 Rxd2
54. Rh8 Ra2 55. Kh2 Rxf2+ 56. Kg3 Ra2 57. Rxh5 Nf4 58. Rxe5+ Kxe5 59. Kg4 Rg2# 0-1

[Event "Titled Tue 24th Jun Late"]
[Site "chess.com INT"]
[Date "2025.06.24"]
[Round "8"]
[White "Lysyj, Igor"]
[Black "Xiong, Jeffery"]
[Result "0-1"]
[WhiteTitle "GM"]
[BlackTitle "GM"]
[WhiteElo "2582"]
[BlackElo "2639"]
[WhiteFideId "4150120"]
[BlackFideId "2047640"]
[EventDate "2025.06.24"]

1. d4 Nf6 2. c4 e6 3. Nc3 d5 4. cxd5 exd5 5. Bf4 Bd6 6. Bxd6 Qxd6 7. Qc2 Nc6 8.
e3 Nb4 9. Qd2 Ne4 10. Nxe4 dxe4 11. a3 Nd5 12. Ne2 O-O 13. Ng3 f5 14. Bc4 Be6
15. O-O Kh8 16. Rac1 c6 17. f3 exf3 18. Rxf3 Rae8 19. Bxd5 Qxd5 20. Rcf1 Rf7 21.
Qf2 Ref8 22. Ne2 Qd6 23. Nc3 Bc4 24. Re1 b5 25. e4 fxe4 26. Rxf7 Rxf7 27. Qe3
Re7 28. Qf2 Rf7 29. Qe3 Rd7 30. Qxe4 Qxd4+ 31. Qxd4 Rxd4 32. Re8+ Bg8 33. Rc8
Rc4 34. Ra8 c5 35. Nxb5 Rc1+ 36. Kf2 Rc2+ 37. Ke3 Rxb2 38. Nd6 h6 39. Rxa7 Rxg2
40. a4 Rxh2 41. a5 Ra2 42. a6 c4 43. Ra8 c3 44. a7 Kh7 45. Nb5 c2 46. Kd2 Bc4
47. Rc8 Bxb5 48. a8=Q Rxa8 49. Rxa8 Bd3 50. Rc8 Bf5 51. Rc5 Kg6 52. Ke2 Kg5 53.
Ke3 h5 54. Kf3 h4 55. Rc7 g6 56. Rc5 Kf6 57. Rc6+ Ke5 58. Rc4 Kd5 59. Rc7 Kd4
60. Ke2 h3 61. Kd2 g5 62. Rg7 g4 63. Rg5 Ke5 64. Rh5 Kf4 0-1

[Event "Titled Tue 24th Jun Late"]
[Site "chess.com INT"]
[Date "2025.06.24"]
[Round "8"]
[White "Rosen, Eric"]
[Black "Slovineanu, Viacheslav"]
[Result "1/2-1/2"]
[WhiteTitle "IM"]
[BlackTitle "IM"]
[WhiteElo "2377"]
[BlackElo "2412"]
[WhiteFideId "2032562"]
[BlackFideId "13900510"]
[EventDate "2025.06.24"]

1. d4 Nf6 2. Bf4 d5 3. Nf3 e6 4. e3 c5 5. Nbd2 Bd6 6. Bb5+ Nc6 7. Bg3 O-O 8. c3
a6 9. Bxc6 bxc6 10. Qa4 cxd4 11. cxd4 c5 12. Bxd6 Qxd6 13. Qa3 Nd7 14. Nb3 a5
15. Nxc5 Ba6 16. Ne5 Nxe5 17. dxe5 Qxe5 18. Nxa6 Rxa6 19. O-O Rb8 20. b3 h5 21.
Rac1 a4 22. bxa4 Rba8 23. a5 Rxa5 24. Rc8+ Rxc8 25. Qxa5 Qb2 26. Qa6 Rc4 27. a4
Qa2 28. Qa8+ Kh7 29. a5 Ra4 30. Qf8 Kg6 31. h3 Rxa5 32. Rc1 Ra8 33. Qe7 Qa3 34.
Rc7 Qxe7 35. Rxe7 Rd8 36. g3 Kf6 37. Ra7 e5 38. Ra6+ Kf5 39. Kf1 f6 40. Ke2 g5
41. Ra5 Rd7 42. Kd3 Rd6 43. Rb5 Rd7 44. Ra5 d4 45. exd4 Rxd4+ 46. Ke3 Rb4 47.
Ra3 Rb2 48. Rc3 g4 49. hxg4+ hxg4 50. Ra3 Rc2 51. Rb3 Ra2 52. Rc3 Kg5 53. Rb3 f5
54. Rb5 Ra3+ 55. Ke2 Ra2+ 56. Kf1 Kf6 57. Rb6+ Kg5 58. Rb5 e4 59. Rb8 Ra5 60.
Rf8 Kg6 61. Kg2 Kg5 62. Kf1 Ra2 63. Kg1 Re2 64. Kf1 Ra2 65. Kg1 Kg6 66. Kf1 Kg5 1/2-1/2

[Event "Titled Tue 24th Jun Late"]
[Site "chess.com INT"]
[Date "2025.06.24"]
[Round "8"]
[White "Naroditsky, Daniel"]
[Black "Livaic, Leon"]
[Result "1-0"]
[WhiteTitle "GM"]
[BlackTitle "GM"]
[WhiteElo "2619"]
[BlackElo "2550"]
[WhiteFideId "2026961"]
[BlackFideId "14531534"]
[EventDate "2025.06.24"]

1. c4 d6 2. Nc3 e5 3. Nf3 f5 4. e4 Nf6 5. Bd3 g6 6. Bc2 Nc6 7. exf5 gxf5 8. d4
e4 9. Ng5 Bg7 10. d5 Ne5 11. Ba4+ Kf8 12. O-O Nd3 13. f3 Nxc1 14. fxe4 Bh6 15.
Qxc1 Ng4 16. h4 Rg8 17. Qf4 Bxg5 18. hxg5 Qxg5 19. Qxg5 Rxg5 20. exf5 Ne3 21.
Rf2 Rxf5 22. Rxf5+ Nxf5 23. Re1 Ng7 24. Nb5 Bd7 25. Nxc7 Rc8 26. Ne6+ Bxe6 27.
dxe6 Ke7 28. Bb3 Rc5 29. Bc2 h6 30. Bd3 Nxe6 31. b4 Rg5 32. c5 dxc5 33. Bc4 Rg6
34. bxc5 Kd7 35. Re5 Nd8 36. Bd3 Rg5 37. Bf5+ Kc6 38. g4 Kc7 39. Re7+ Kc6 40.
Kf2 Kxc5 41. Rd7 Rg8 42. Rh7 Nc6 43. Rxh6 Nd4 44. Ke3 Nxf5+ 45. gxf5 Kd5 46. Rh7
Rg2 47. Rxb7 Rxa2 48. f6 Ke6 49. f7 Ra3+ 50. Ke2 Ra2+ 51. Kf3 Ra3+ 52. Kg4 Ra4+
53. Kg5 Ra5+ 54. Kg6 Rf5 55. Rxa7 Rf1 56. Kg7 Rg1+ 57. Kf8 Rh1 58. Ra6+ Kd7 59.
Kg7 Rg1+ 60. Rg6 1-0

[Event "Titled Tue 24th Jun Late"]
[Site "chess.com INT"]
[Date "2025.06.24"]
[Round "8"]
[White "Hua, Lefong"]
[Black "Dehtiarov, Roman"]
[Result "0-1"]
[WhiteTitle "FM"]
[BlackTitle "FM"]
[WhiteElo "2305"]
[BlackElo "2416"]
[WhiteFideId "2602253"]
[BlackFideId "14186640"]
[EventDate "2025.06.24"]

1. d4 Nf6 2. c4 e6 3. Nc3 Bb4 4. f3 c5 5. a3 Bxc3+ 6. bxc3 O-O 7. e4 d6 8. Bd3
Nc6 9. Ne2 b6 10. O-O Ba6 11. f4 d5 12. cxd5 Bxd3 13. Qxd3 exd5 14. e5 Ne4 15.
f5 cxd4 16. cxd4 Qh4 17. g3 Qg4 18. Kg2 Rae8 19. Rf4 Qh5 20. Be3 Nc5 21. Qc2
Nxe5 22. dxe5 Rxe5 23. Rf3 Rfe8 24. Nf4 Qg5 25. Bxc5 bxc5 26. Qxc5 Qxf5 27. Rd1
Qe4 28. Qd4 Qc2+ 29. Rd2 Qc1 30. Rf1 Qc6 31. Rfd1 Qd6 32. h4 h6 33. Kh2 Qxa3 34.
Rd3 Qa2+ 35. R1d2 Qb1 36. Qf2 Re1 37. Nxd5 Rh1+ 38. Kg2 Ree1 39. Nf4 Reg1+ 40.
Kf3 Rf1 41. Rd8+ Kh7 42. R8d3 Rxf2+ 43. Kxf2 Qf1+ 44. Ke3 Qg1+ 45. Kf3 Qf1+ 46.
Rf2 Qa1 47. Rfd2 Rf1+ 48. Kg2 Rg1+ 49. Kf3 a5 50. Ne2 Rf1+ 51. Kg2 Rf6 52. Nf4
a4 53. Re3 a3 54. Ree2 Rb6 55. Ra2 Qc1 56. Rec2 Qe3 57. Re2 Qc5 58. Rec2 Qb4 59.
Kh2 Qd6 60. Rd2 Qxd2+ 61. Rxd2 Rb2 0-1

[Event "Titled Tue 24th Jun Late"]
[Site "chess.com INT"]
[Date "2025.06.24"]
[Round "8"]
[White "Atoyan, Alberto"]
[Black "Petersen, Marcel"]
[Result "1-0"]
[WhiteTitle "CM"]
[BlackTitle "CM"]
[WhiteElo "2266"]
[BlackElo "2236"]
[WhiteFideId "13314831"]
[BlackFideId "12935670"]
[EventDate "2025.06.24"]

1. e4 g6 2. d4 Bg7 3. Nc3 e6 4. Be3 Ne7 5. Qd2 d5 6. O-O-O h5 7. f3 b6 8. h4 Bb7
9. Nh3 Nbc6 10. Ng5 Qd7 11. Be2 f6 12. Nh3 O-O-O 13. exd5 exd5 14. Bf2 Nf5 15.
Nf4 Bh6 16. Kb1 Na5 17. b3 g5 18. hxg5 Bxg5 19. g3 Qd6 20. Nb5 Qd7 21. Nxa7+ Kb8
22. Nb5 h4 23. gxh4 Bh6 24. Bd3 Ba6 25. a4 c6 26. Nc3 Bxd3 27. cxd3 Qd6 28. Nce2
Rde8 29. Ka2 Rxe2 30. Qxe2 Bxf4 31. Be1 Qd7 32. Bxa5 bxa5 33. Qe1 Bc7 34. Qc3
Re8 35. Rd2 Nd6 36. h5 Kb7 37. h6 Qh7 38. Rc2 Qd7 39. h7 Rh8 40. Rh6 Ne8 41. Rg2
Bb6 42. Rg8 Rxh7 43. Rxh7 Qxh7 44. Rxe8 Qh2+ 45. Qb2 Qg1 46. Re7+ Ka6 47. Qc2
Qxd4 48. Re2 c5 49. f4 Qxf4 50. Rf2 Qd4 51. Rg2 f5 52. Rf2 f4 53. Qd2 c4 54.
Rxf4 cxb3+ 55. Kxb3 Qc5 56. d4 Qc6 57. Qd3+ Ka7 58. Rf7+ Bc7 59. Qb5 Qd6 60.
Qc5+ Qxc5 61. dxc5 Kb7 62. Kc3 Kc6 63. Kd4 Bd8 64. Rf5 Be7 65. Rxd5 Bf6+ 66. Kc4
Bc3 67. Rd6+ Kc7 68. Kxc3 1-0

[Event "Titled Tue 24th Jun Late"]
[Site "chess.com INT"]
[Date "2025.06.24"]
[Round "8"]
[White "Gallo Garcia, Kemel Antonio"]
[Black "Craciun, Sasha-Matei"]
[Result "1/2-1/2"]
[WhiteTitle "FM"]
[BlackTitle "FM"]
[WhiteElo "2362"]
[BlackElo "2320"]
[WhiteFideId "3523896"]
[BlackFideId "1281186"]
[EventDate "2025.06.24"]

1. d4 d5 2. c4 e6 3. Nf3 Nf6 4. cxd5 exd5 5. Nc3 c6 6. Bf4 Be7 7. e3 O-O 8. Bd3
Nbd7 9. h3 Re8 10. O-O a6 11. Qc2 Nf8 12. Bh2 Bd6 13. Ne5 c5 14. Rae1 Ng6 15. f4
b5 16. dxc5 Bxc5 17. Nxb5 Bxe3+ 18. Rxe3 axb5 19. Rfe1 Qb6 20. Kh1 Bb7 21. Bg3
Ne4 22. Bxe4 dxe4 23. a3 Nxe5 24. fxe5 Rac8 25. Qb3 Qc5 26. Rc3 Qd5 27. Rd1 Rxc3
28. Qxd5 Bxd5 29. bxc3 Bc4 30. Bf4 h6 31. h4 Ra8 32. Bc1 Kh7 33. Rd4 Bd3 34. Rd6
Rc8 35. Bd2 Rc5 36. e6 fxe6 37. Rxe6 Rf5 38. Be3 Kg8 39. Kh2 Kf7 40. Rc6 g5 41.
Rxh6 gxh4 42. Rxh4 Rf1 43. Rf4+ Rxf4 44. Bxf4 Ke6 45. Kg3 Kf5 46. Bh6 Bf1 47.
Kf2 Bd3 48. Ke3 Kg4 49. Bf4 Bc2 50. Be5 Bb1 51. Kd4 Kf5 52. Bh2 Bc2 53. Bg1 Kf4
54. Bf2 Bd3 55. Be1 Bf1 56. g3+ Kf3 57. Kc5 e3 58. c4 bxc4 59. Kd4 Ke2 60. Bc3
Kf2 61. g4 Bd3 62. a4 Kf3 63. g5 Kf4 64. a5 Kxg5 65. a6 Kf4 66. a7 Be4 67. Kxc4
Kf3 68. Kd4 Ba8 69. Kc5 Ke4 70. Kb6 Kd3 71. Be1 Bf3 72. Bh4 e2 73. Kc7 Ke3 74.
Bg5+ Kf2 75. Bh4+ Kg2 76. Kb8 Kh3 77. Be1 Kg2 78. a8=Q Bxa8 79. Kxa8 Kf1 80. Bc3
e1=Q 81. Bxe1 1/2-1/2